000
00266nam a22001097a 4500
082
_a
671.2 EKE'I
100
_a
EKEY, D. C,WINTER, W. P
_9
56858
245
_a
INTRODUCTION TO FOUNDRY TECHNOLOGY
260
_a
NEWYORK
_b
MCGRAW HILL
_c
1958
300
_a
296P
942
_c
BK
999
_c
567190
_d
567190